Szczegóły MARC21

Współczesna teoria badań literackich za granicą : antologia. T. 3, Perspektywy socjologiczne, marksizm w badaniach literackich i jego promieniowanie /

003 -Nazwa inst., której nr kontr. jest w polu 001 [,]
    • @
    • Nazwa instytucji, której n kontrolny jest w polu 001
    • NUKAT
005 -DATA I CZAS OSTATNIEJ MODYFIKACJI [,]
    • @
    • pole kontrolne
    • 20241231113728.0
040 -Instytucja sporządzająca opis [ , ]
    • a
    • Instytucja, która sporządziła opis (NP)
    • KR 295/SP
    • c
    • Instytucja, która sporządziła rekord (NP)
    • KR 295/SP
    • d
    • Instytucja, która zmodyfikowała rekord (P)
    • KR 295/SP
    • d
    • Instytucja, która zmodyfikowała rekord (P)
    • GD U/ISSs
    • d
    • Instytucja, która zmodyfikowała rekord (P)
    • WR O/KSs
    • d
    • Instytucja, która zmodyfikowała rekord (P)
    • Ł U/AG
    • d
    • Instytucja, która zmodyfikowała rekord (P)
    • KR U/sid
041 -Język dokumentu [1, ]
    • a
    • Język tekstu (P)
    • polski
    • h
    • Język tekstu oryginalnego i/lub pośredniego (P)
    • wielojęzyczny
942 -Rodzaj dokumentu [ , ]
    • c
    • Rodzaj dokumentu
    • Książka
245 -Strefa tytułu i oznaczenia odpowiedzialności [0,0]
    • a
    • Tytuł
    • Współczesna teoria badań literackich za granicą : antologia. Find
    • n
    • Oznaczenie części (P)
    • T. 3,
    • p
    • Nazwa części (P)
    • Perspektywy socjologiczne, marksizm w badaniach literackich i jego promieniowanie /
    • c
    • Pozostałe elementy strefy tytułu i oznaczenia odpowiedzialności (NP)
    • oprac. Henryk Markiewicz.
246 -Wariant tytułu [3,0]
    • a
    • Tytuł (NP)
    • Perspektywy socjologiczne, marksizm w badaniach literackich i jego promieniowanie
250 -Strefa wydania [ , ]
    • a
    • Oznaczenie wydania (NP)
    • Wyd. 2 przejrz. i zm.
260 -Strefa adresu wydawniczego [ , ]
    • a
    • Miejsce wydania (P)
    • Kraków :
    • b
    • Nazwa wydawcy (P)
    • Wydaw. Literackie,
    • c
    • Data wydania (P)
    • 1976.
300 -Strefa opisu fizycznego [ , ]
    • a
    • Określenie formy książki i/lub objętość (NP)
    • 486, [1] s. ;
    • c
    • Format (NP)
    • 21 cm.
336 -Typ zawartości [ , ]
    • a
    • Termin opisujący typ zawartości
    • Tekst
    • b
    • Kod określający zawartość
    • txt
    • 2
    • Źródło (terminu i kodu)
    • rdacontent
337 -Typ mediów [ , ]
    • a
    • Tryb odtwarzania
    • Bez urządzenia pośredniczącego
    • b
    • Kod typu mediów
    • n
    • 2
    • Źródło (terminu i kodu)
    • rdamedia
338 -Typ/rodzaj nośnika [ , ]
    • a
    • Hasło opisujące typ nośnika
    • Wolumin
    • b
    • Kod typu nośnika
    • nc
    • 2
    • Źródło (terminu i kodu)
    • rdacarrier
490 -Strefa serii i książki wielotomowej - forma nie do wyszukiwania [1, ]
    • a
    • Tytuł (P)
    • Biblioteka Studiów Literackich Find
830 -Hasło dodatkowe serii i opisu książki wielotomowej - tytuł ujednolicony/tytuł [ ,0]
    • a
    • Tytuł ujednolicony/tytuł (NP)
    • Biblioteka Studiów Literackich
    • 9
    • KHW
    • 18477
500 -Uwaga ogólna [ , ]
    • a
    • Uwaga ogólna (NP)
    • Tekst tł. z różnych jęz.
504 -Uwaga dot. bibliogr. załącznikowej [ , ]
    • a
    • Uwaga dot. bibliografii załącznikowej
    • Bibliogr. s. [457]-464. Indeks.
650 -Hasło przedmiotowe [ ,7]
    • a
    • Hasło przedmiotowe
    • Teoria literatury.
    • 2
    • Źródło terminu
    • kaba
    • 9
    • KHW
    • 117059
650 -Hasło przedmiotowe [ ,7]
    • a
    • Hasło przedmiotowe
    • Krytyka marksistowska.
    • 2
    • Źródło terminu
    • kaba
    • 9
    • KHW
    • 116000
650 -Hasło przedmiotowe [ ,7]
    • a
    • Hasło przedmiotowe
    • Socjologia literatury.
    • 2
    • Źródło terminu
    • kaba
    • 9
    • KHW
    • 130432
700 -Hasło dodatkowe - nazwa osobowa [1, ]
    • a
    • Nazwa osobowa (NP)
    • Markiewicz, Henryk Find
    • d
    • Daty biograficzne (NP)
    • (1922-2013).
    • e
    • Określenie rodzaju współpracy
    • Oprac.
    • 9
    • KHW
    • 69172
710 -Hasło dodatkowe - nazwa ciała zbiorowego [2, ]
    • a
    • Nazwa ciała zbiorowego lub nazwa geograficzna jako pierwszy element (NP)
    • Wydawnictwo Literackie.
    • 4
    • Kod relacji
    • pbl
    • 9
    • KHW
    • 53605
Data inwentaryzacji Status udost. Lokalizacja Sygnatura Numer inwentarzowy
1998-05-22-5BGW.59684W.59708
1998-05-22-5BGW.59684W.59709
1998-05-22-5BGW.59684W.59710
1998-05-22-5BGW.59684W.59711
1998-05-22-5BGW.59684W.59712
1998-05-22-5BGW.59684W.59713
1998-05-22-5BGW.59684W.59714
1998-05-22-5BGW.59684W.59715
1998-05-22-5BGW.59684W.59716
1998-05-22-5BGW.59684W.59717
1998-05-22-5BGW.59684W.59718
1998-05-22-5BGW.59684W.59719
1998-05-22-5BGW.59684W.60210
1998-05-22-5BGW.59684W.60211
1998-05-22-5BGW.59684W.60212
1998-05-221BGZ.25579Z.34653
1998-05-221BGZ.25579Z.25581
2018-10-291BM Q.86
1998-05-221BMPOL. Teoria literatury 08P.9394
1998-05-22-3BM P.2559
1998-05-22-3BM P.476
1998-05-221BM R.401